Departament d'Indústria i Energia : legislació bàsica aplicable i entitats adscrites legislació bàsica aplicable i entitats adscrites
ISBN:
84-393-1506-6
Publicado:
[Barcelona] :
Generalitat de Catalunya, Departament d'Indústria i Energia, Secretaria General ,
1990
Descripción Física:
188 p. ; 23 cm
MARC
| LEADER | 00000nam a2200000Ia 4500 | ||
|---|---|---|---|
| 001 | |||
| 008 | 160829s1990 xx 000 0 cat d | ||
| 020 | |a 84-393-1506-6 | ||
| 080 | |a D-3-10 | ||
| 100 | |a Catalunya. Lleis, etc. |9 35754 | ||
| 245 | |a Departament d'Indústria i Energia : |b legislació bàsica aplicable i entitats adscrites | ||
| 260 | |a [Barcelona] : |b Generalitat de Catalunya, Departament d'Indústria i Energia, Secretaria General, |c 1990 | ||
| 300 | |a 188 p. ; |c 23 cm | ||
| 610 | 1 | 0 | |a Catalunya. |b Departament d'Indústria i Energia |9 56419 |
| 650 | |a Indústria |x Dret i legislació |x Catalunya |9 21748 | ||
| 650 | |a Energia |x Dret i legislació |x Catalunya |9 21749 | ||
| 710 | 1 | |a Catalunya. |b Direcció General de Política Industrial i Tecnològica |9 56408 | |
| 901 | |a Arxiu | ||
| 942 | |n 1 | ||
| 952 | |0 1 |1 0 |2 udc |4 0 |5 2 |6 D310 |7 1 |9 41838 |a Arxiu |b Arxiu |d 2016-12-01 |l 0 |o D-3-10 |r 2016-12-01 00:00:00 |w 2016-12-01 |y ARXIU | ||
| 999 | |c 44246 |d 44246 | ||